000 00318 a2200157 4500
001 58734
020 _a8526240749
040 _cAnchieta - Pituba
100 _aSchmidt, Dora
240 1 0 _aHistóriar
_lpor
245 1 0 _aHistóriar
300 _a240
362 0 _a2002
650 4 _aHistória do mundo
942 _cBK
999 _c58734
_d58734